[Event "SVK-ch U12"]
[Site "Tatralandia"]
[Date "2024.04.09"]
[Round "6"]
[White "Stachovic, Matus"]
[Black "Rozboril, Alex"]
[Result "0-1"]
[WhiteElo "1767"]
[BlackElo "1536"]
[PlyCount "125"]
[EventDate "2024.04.05"]
[EventType "swiss"]
[EventRounds "9"]
[EventCountry "SVK"]
[SourceTitle "CB16_2024"]
[SourceDate "2024.04.17"]
[SourceVersion "1"]
[SourceVersionDate "2024.04.17"]
[SourceQuality "1"]

1. e4 e5 2. Nf3 Nc6 3. Bb5 Nf6 4. Nc3 Bb4 5. 0-0 d6 6. Re1 Bg4 7. d3 h6 8. Be3 0-0 9. a3 Ba5 10. Bc4 Nd4 11. b4 Bxf3 12. gxf3 Bb6 13. Nd5 Nxd5 14. Bxd5 c6 15. Ba2 Qf6 16. Kh1 Qxf3+ 17. Qxf3 Nxf3 18. Rf1 Nd4 19. Rac1 Kh7 20. f4 Ne2 21. Rce1 Bxe3 22. Rxe2 Bxf4 23. d4 f6 24. Rg2 Rac8 25. Be6 Rc7 26. c4 c5 27. d5 cxb4 28. axb4 Rxc4 29. Rfg1 Rc7 30. Bf5+ Kh8 31. h3 Rff7 32. Be6 Rfe7 33. Rg6 Rc1 34. Rxc1 Bxc1 35. Rg1 Ba3 36. Bf5 Bxb4 37. Rc1 Bc5 38. Rc2 Rc7 39. Kg2 Bb6 40. Rb2 Bd4 41. Rb3 Rc2+ 42. Kh1 b6 43. Ra3 Rc1+ 44. Kg2 Ra1 45. Rd3 g6 46. Bxg6 Rg1+ 47. Kh2 Rxg6 48. Ra3 b5 49. Rb3 Rg1 50. Rxb5 Ra1 51. Rb7 a5 52. Rd7 Bc5 53. Rf7 a4 54. Rxf6 a3 55. Rxh6+ Kg7 56. Re6 a2 57. Re7+ Kf6 58. Re8 Rh1+ 59. Kg3 a1Q 60. Rf8+ Ke7 61. Rb8 Qg1+ 62. Kh4 Bf2+ 63. Kh5 0-1

[Event "Modra Slovakia op"]
[Site "Modra"]
[Date "2024.03.05"]
[Round "8"]
[White "Veres, Alex"]
[Black "Rozboril, Alex"]
[Result "1/2-1/2"]
[WhiteElo "1584"]
[BlackElo "1563"]
[PlyCount "36"]
[EventDate "2024.03.01"]
[EventType "swiss"]
[EventRounds "9"]
[EventCountry "SVK"]
[SourceTitle "CB11_2024"]
[SourceDate "2024.03.13"]
[SourceVersion "1"]
[SourceVersionDate "2024.03.13"]
[SourceQuality "1"]

1. e4 e5 2. Nf3 Nf6 3. Nc3 Nc6 4. Bb5 Bb4 5. d3 d6 6. a3 Ba5 7. b4 Bb6 8. h3 h6 9. 0-0 0-0 10. Be3 Bd7 11. Qd2 Kh7 12. Ne2 Ne7 13. Bxd7 Qxd7 14. c4 a6 15. Qc2 Kg8 16. Rfd1 Qc6 17. Rac1 Bxe3 18. fxe3 a5 1/2-1/2

[Event "Modra Slovakia op"]
[Site "Modra"]
[Date "2024.03.04"]
[Round "6"]
[White "Palka, Miroslav"]
[Black "Rozboril, Alex"]
[Result "1-0"]
[WhiteElo "1780"]
[BlackElo "1563"]
[PlyCount "35"]
[EventDate "2024.03.01"]
[EventType "swiss"]
[EventRounds "9"]
[EventCountry "SVK"]
[SourceTitle "CB11_2024"]
[SourceDate "2024.03.13"]
[SourceVersion "1"]
[SourceVersionDate "2024.03.13"]
[SourceQuality "1"]

1. c4 e5 2. Nc3 Nf6 3. e4 Nc6 4. g3 Bc5 5. Bg2 0-0 6. Nge2 d6 7. 0-0 Bg4 8. h3 Bxe2 9. Qxe2 Nd4 10. Qd1 c6 11. d3 h6 12. Kh2 Qb6 13. f4 Rad8 14. fxe5 dxe5 15. Rxf6 gxf6 16. Bxh6 Kh7 17. Qh5 Qxb2 18. Bc1+ 1-0

[Event "Modra Slovakia op"]
[Site "Modra"]
[Date "2024.03.03"]
[Round "5"]
[White "Rozboril, Alex"]
[Black "Nosal, Tobias"]
[Result "1/2-1/2"]
[WhiteElo "1563"]
[BlackElo "1773"]
[PlyCount "136"]
[EventDate "2024.03.01"]
[EventType "swiss"]
[EventRounds "9"]
[EventCountry "SVK"]
[SourceTitle "CB11_2024"]
[SourceDate "2024.03.13"]
[SourceVersion "1"]
[SourceVersionDate "2024.03.13"]
[SourceQuality "1"]

1. e4 e6 2. Nf3 d5 3. exd5 exd5 4. d4 Nf6 5. Nc3 c6 6. Bf4 Bg4 7. Be2 Bd6 8. Bg3 0-0 9. 0-0 Bxg3 10. fxg3 Nbd7 11. Qd2 Qc7 12. Rae1 Rae8 13. Bd3 Qb6 14. Na4 Qc7 15. Qb4 b6 16. Qd2 Bh5 17. b3 Bg6 18. Nb2 Ne4 19. Bxe4 Bxe4 20. Ng5 Nf6 21. c4 Re7 22. Na4 Rfe8 23. Nc3 h6 24. Nh3 Bh7 25. Rc1 Ne4 26. Nxe4 Bxe4 27. Nf2 Qd7 28. Nxe4 Rxe4 29. Rcd1 Re2 30. Qd3 Rxa2 31. Rde1 dxc4 32. bxc4 Rd8 33. Rf4 Ra4 34. Ree4 Qd6 35. h3 Qb4 36. d5 Qc5+ 37. Kh2 cxd5 38. cxd5 Rxe4 39. Rxe4 g6 40. Rd4 b5 41. d6 b4 42. d7 Qe7 43. Rd5 b3 44. Qxb3 Rxd7 45. Qb8+ Kg7 46. Rxd7 Qxd7 47. Kh1 a6 48. Kh2 Qb5 49. Qd6 a5 50. Qd4+ Kh7 51. Qf6 Qf5 52. Qd4 h5 53. Qa4 Kg7 54. Qd4+ Qf6 55. Qa4 Qe5 56. Kg1 Qc5+ 57. Kh2 Qb4 58. Qa1+ Kg8 59. Qf6 a4 60. Qd8+ Kh7 61. Qf6 Qb3 62. g4 Qd5 63. gxh5 gxh5 64. Qf1 a3 65. Qb1+ Kg7 66. Qa1+ f6 67. Qxa3 Kg6 68. Qg3+ Kh6 1/2-1/2

[Event "Modra Slovakia op"]
[Site "Modra"]
[Date "2024.03.01"]
[Round "1"]
[White "Kukla, Tomas"]
[Black "Rozboril, Alex"]
[Result "1-0"]
[WhiteElo "1864"]
[BlackElo "1563"]
[PlyCount "79"]
[EventDate "2024.03.01"]
[EventType "swiss"]
[EventRounds "9"]
[EventCountry "SVK"]
[SourceTitle "CB11_2024"]
[SourceDate "2024.03.13"]
[SourceVersion "1"]
[SourceVersionDate "2024.03.13"]
[SourceQuality "1"]

1. d4 d5 2. c4 c6 3. Nf3 Nf6 4. Nc3 e6 5. Bg5 Bb4 6. Qc2 Nbd7 7. e3 0-0 8. Bd3 Qc7 9. 0-0 b6 10. Rac1 Bxc3 11. Qxc3 Bb7 12. cxd5 exd5 13. Qc2 h6 14. Bf4 Qd8 15. Qe2 a5 16. h3 Qe7 17. Nh2 Rfc8 18. Ng4 Nxg4 19. hxg4 c5 20. Qf3 Qf6 21. Bf5 Qe7 22. Qh3 Rc6 23. g5 g6 24. Bxd7 Bc8 25. Bxc8 Raxc8 26. Qxh6 Qf8 27. Qxf8+ Kxf8 28. Be5 cxd4 29. Rxc6 Rxc6 30. Bxd4 b5 31. a3 a4 32. g3 b4 33. Kg2 b3 34. Rh1 Ke7 35. Rh8 Rc4 36. Bf6+ Ke6 37. Kf3 Kd6 38. Rd8+ Ke6 39. Bc3 Ke7 40. Rxd5 1-0

[Event "SVK-chT5 SE-SI 2122"]
[Site "Slovakia"]
[Date "2021.11.06"]
[Round "1.3"]
[White "Rozboril, Alex"]
[Black "Krakovsky, Matej"]
[Result "0-1"]
[WhiteElo "1050"]
[BlackElo "1094"]
[PlyCount "38"]
[EventDate "2021.11.06"]
[EventType "team-tourn"]
[EventRounds "9"]
[EventCountry "SVK"]
[SourceTitle "EXT 2024"]
[Source "ChessBase"]
[SourceDate "2023.10.10"]
[SourceVersion "1"]
[SourceVersionDate "2023.10.10"]
[SourceQuality "1"]
[WhiteTeam "Gbely Interchess"]
[BlackTeam "Skalica III"]
[WhiteTeamCountry "SVK"]
[BlackTeamCountry "SVK"]

1. e4 e5 2. Nf3 Nc6 3. d4 exd4 4. Nxd4 Nf6 5. Nxc6 bxc6 6. e5 Nd5 7. g3 d6 8. exd6 Bxd6 9. Bg2 Ba6 10. Bxd5 cxd5 11. Qxd5 Bb4+ 12. Qd2 Bxd2+ 13. Bxd2 0-0 14. h4 Re8+ 15. Kd1 Qf6 16. c3 Qf3+ 17. Kc2 Bd3+ 18. Kb3 Rab8+ 19. Ka3 Qc6 0-1

[Event "SVK-ch U08"]
[Site "Stara Lubovna"]
[Date "2021.07.01"]
[Round "7"]
[White "Rozboril, Alex"]
[Black "Zilincan, Tomas"]
[Result "1-0"]
[WhiteElo "1000"]
[BlackElo "1000"]
[PlyCount "49"]
[EventDate "2021.06.26"]
[EventType "swiss"]
[EventRounds "9"]
[EventCountry "SVK"]
[SourceTitle "CBM 203 Extra"]
[Source "ChessBase"]
[SourceDate "2021.09.30"]
[SourceVersion "1"]
[SourceVersionDate "2021.09.30"]
[SourceQuality "1"]

1. e4 e6 2. Nf3 d5 3. Nc3 d4 4. Nb5 Bc5 5. b3 Nc6 6. d3 Nf6 7. Bf4 Bb6 8. Be2 0-0 9. 0-0 Qe7 10. e5 Ng4 11. Bg5 Qb4 12. a4 Bd7 13. Nh4 Ngxe5 14. Bf4 Ng6 15. Nxg6 fxg6 16. Nxc7 Rac8 17. Bd2 Qd6 18. Nb5 Qc5 19. Re1 Rf7 20. b4 Qf5 21. Rf1 Rcf8 22. Be1 a6 23. Nd6 Qf4 24. Nxf7 Rxf7 25. Qd2 1-0

[Event "SVK-ch U08"]
[Site "Stara Lubovna"]
[Date "2021.06.30"]
[Round "6"]
[White "Drunek, Tibor"]
[Black "Rozboril, Alex"]
[Result "1/2-1/2"]
[WhiteElo "1000"]
[BlackElo "1000"]
[PlyCount "75"]
[EventDate "2021.06.26"]
[EventType "swiss"]
[EventRounds "9"]
[EventCountry "SVK"]
[SourceTitle "CBM 203 Extra"]
[Source "ChessBase"]
[SourceDate "2021.09.30"]
[SourceVersion "1"]
[SourceVersionDate "2021.09.30"]
[SourceQuality "1"]

1. e4 e5 2. Nf3 Nc6 3. Nc3 Nf6 4. Bc4 Qe7 5. 0-0 d6 6. d3 Bd7 7. Bg5 h6 8. Bh4 0-0-0 9. Nd5 Nxd5 10. Bxe7 Ndxe7 11. Bxf7 Bg4 12. Qe1 Nd4 13. Nxd4 exd4 14. h3 Bd7 15. Bc4 h5 16. a4 a6 17. Ra3 Bc6 18. Be6+ Kb8 19. c3 dxc3 20. bxc3 g5 21. Qb1 Rh6 22. Bf5 Nxf5 23. exf5 g4 24. f6 gxh3 25. gxh3 Rg6+ 26. Kh2 d5 27. d4 Bxa3 28. Qxg6 Be8 29. Qf5 Bd7 30. Qd3 b5 31. axb5 Bxb5 32. c4 Bxc4 33. Qb1+ Bb5 34. Re1 Kb7 35. f7 Rd7 36. f8Q Bxf8 37. Re8 Bd6+ 38. f4 1/2-1/2